LEADER 02107nam a2200337 u 4500 001 000000015987 003 CaOOAMICUS 005 20070226105937.0 008 941010s1991 it a u000 u ita u 035 $a10374711 040 $aPUL$bita 245 00$aCiviltą classica e mondo dei barbari :$bdue modelli a confronto /$ca cura di Lia De Finis. 260 $aTrento :$bAssociazione Italiana di Cultura Classica,$c1991. 300 $a278 p. :$bill. ;$c24 cm 500 $aIn testa al front.: Associazione Italiana di Cultura Classica, Delegazione di Trento, in collaborazione con il Dipartimento di Scienze Filologiche e Storiche, Universitą degli Studi di Trento. 500 $aConvegno tenutosi nell'Aula Magna del Liceo Classico "G. Prati" di Trento, nei giorni 18-19-20 marzo 1991. 504 $aBibliografia: p. 278. 650 4$aBarbari$xCongressi.$0(OLS)http://pul/subject/1293 650 4$aCiviltą classica$xCongressi.$0(OLS)http://pul/subject/3699 650 0$aCivilization, Classical$xCongresses.$2//eng$0(OLS)http://pul/subject/3944 650 0$aGreece$xForeign relations$xCongresses.$2//eng$0(OLS)http://pul/subject/11268 651 0$aRome$xHistory$xCongresses$yGermanic Invasions, 3rd-6th centuries.$2//eng$0(OLS)http://pul/subject/11269 700 1 $aDe Finis, Lia.$0(OLS)http://pul/name/14588 710 2 $aUniversitą degli studi di Trento.$bDipartimento di scienze filologiche e storiche.$0(OLS)http://pul/name/14590 710 2 $aAssociazione italiana di cultura classica.$bDelegazione di Trento.$0(OLS)http://pul/name/14589 850 $aPUL 852 $aPUL$W1$xDP1 Fondo Cecchetti$y53$m268 I 38$j22508$nBK-PRI$b $qFondi$B22508$CPULBib$Z2$F22508 $HPUL70923 $81 852 $aPUL$W1$xDP1 Fondo Cecchetti$y53$m268 I 38$j22508$nBK-PRI$b $qFondi$B22509$CPULBib$Z2$F22509 $HPUL73904 $81 941 1 $a1 996 $6245$aCiviltą classica e mondo dei barbari :$bdue modelli a confronto$9(OLS)http://pul/title/22850 996 $6260$aTrento :$bAssociazione Italiana di Cultura Classica$9(OLS)http://pul/publisher/54904 LEADER 01700nam a2200373 a 4500 001 000000152194 003 CaOOAMICUS 005 20160610101336.0 008 160610s2016 it u000 u ita r 020 $a978-88-9317-028-4* 032 $aLibriCat 040 $aPUL$bita 082 04$a348.45 110 1 $aItalia.$0(OLS)http://pul/name/1188 240 10$aCodice della proprietą intellettuale e industriale (2016).$0(OLS)http://pul/title/191584 245 10$aCodice della proprietą intellettuale e industriale /$cVincenzo Franceschelli, Emilio Tosi. 250 $a11. ed. 260 $aPiacenza :$bLa Tribuna,$c©2016. 300 $a1254 p. ;$c19 cm. 490 1 $aI codici commentati con la giurisprudenza 500 $aTesto su due colonne. 500 $aSulla coperta: con la depenalizzazione dei reati sul diritto d'autore (D.L.vo n. 8/2016). 650 4$aProprietą intellettuale (diritto).$0(OLS)http://pul/subject/35322 700 1 $aFranceschelli, Vincenzo.$0(OLS)http://pul/name/47665 700 1 $aTosi, Emilio.$0(OLS)http://pul/name/47659 830 2$aI codici commentati con la giurisprudenza.$0(OLS)http://pul/title/135813 850 $aPUL 852 $aPUL$W1$xDP2 Diritto e Scienze Sociali 3$y110$m348. 45 COD 3.2.48$j174949$qDDC 21$B177502$CPULBib$Z2$F177502 $H127870 $81 941 1 $a9 996 $6020$a978-88-9317-028-4*$9(OLS)http://pul/number/160520 996 $6082$a348.45$9(OLS)http://pul/classification/373 996 $6245$aCodice della proprietą intellettuale e industriale$9(OLS)http://pul/title/152274 996 $6260$aPiacenza :$bLa Tribuna$9(OLS)http://pul/publisher/69734